000 00507nam a2200205Ia 4500
003 OSt
005 20220926042514.0
006 a|||||r|||| 00| 0
007 ta
008 220923b |||||||| |||| 00| 0 eng d
037 _cGeneral Book
040 _aRTL
_cRTL
_beng
041 _2eng
_aeng
082 _aX9z7, E
100 _aRuskin John
_910983
245 0 _aCrown of wild olive
650 _aIndustry Economics
942 _hX9z7, E
_cGB
_2CC
999 _c669915
_d669915